000 00320nam a22001337a 4500
003 SGT
082 _a615.532
_bE14K
100 _aKISHORE, JUGAL
245 _aEVOLUTION OF HOMEOPATHIC REPERFORIES AND REPERTORISATION
260 _aINDIA
_bB. JAIN PUB
_c2014
300 _a430
650 _aHOMOEOPATHIC
942 _2ddc
_cBK
999 _c18624
_d18624